[Event "SVK-chT2B 1920"]
[Site "Slovakia"]
[Date "2019.12.15"]
[Round "6.6"]
[White "Valovic, Stefan"]
[Black "Vanya, Attila"]
[Result "1-0"]
[WhiteElo "1969"]
[BlackElo "1747"]
[PlyCount "63"]
[EventDate "2019.10.26"]
[EventType "team-tourn"]
[EventRounds "11"]
[EventCountry "SVK"]
[SourceTitle "CBM 194 Extra"]
[Source "ChessBase"]
[SourceDate "2020.03.31"]
[SourceVersion "1"]
[SourceVersionDate "2020.03.31"]
[SourceQuality "1"]
[WhiteTeam "Tlmace"]
[BlackTeam "Nove Zamky"]
[WhiteTeamCountry "SVK"]
[BlackTeamCountry "SVK"]

1. d4 d5 2. Bf4 Nf6 3. e3 c5 4. c3 Nc6 5. Nd2 e6 6. Bd3 Bd6 7. Bxd6 Qxd6 8. f4 a6 9. a3 Bd7 10. Ngf3 b5 11. 0-0 c4 12. Bc2 a5 13. Ne5 a4 14. g4 g6 15. Qf3 Rf8 16. e4 Nxe4 17. Nxe4 dxe4 18. Bxe4 Rc8 19. Nxd7 Kxd7 20. Rad1 Kc7 21. d5 Ne7 22. Qe3 Kb8 23. dxe6 Qxe6 24. f5 gxf5 25. gxf5 Qa6 26. Qf4+ Rc7 27. Rd6 Qa7+ 28. Kh1 Kc8 29. f6 Ng6 30. Qf5+ Rd7 31. Rfd1 Rfd8 32. R1d5 1-0

[Event "SVK-chT1W 1617"]
[Site "Slovakia"]
[Date "2017.03.18"]
[Round "10.7"]
[White "Valovic, Stefan"]
[Black "Hutyra, Roman"]
[Result "0-1"]
[WhiteElo "1947"]
[BlackElo "1939"]
[PlyCount "104"]
[EventDate "2016.10.15"]
[EventType "team-tourn"]
[EventRounds "11"]
[EventCountry "SVK"]
[SourceTitle "EXT 2019"]
[Source "ChessBase"]
[SourceDate "2018.10.10"]
[SourceVersion "1"]
[SourceVersionDate "2018.10.10"]
[SourceQuality "1"]
[WhiteTeam "Nitra NSK"]
[BlackTeam "Povazska Bystrica"]
[WhiteTeamCountry "SVK"]
[BlackTeamCountry "SVK"]

1. c4 g5 2. g3 Bg7 3. Bg2 d6 4. d3 Nc6 5. Nc3 h6 6. e4 e5 7. Nge2 Bg4 8. f3 Be6 9. Rb1 f5 10. exf5 Bxf5 11. b4 Nf6 12. 0-0 0-0 13. f4 gxf4 14. gxf4 Bg4 15. Qe1 Nh5 16. b5 exf4 17. Nxf4 Ne5 18. d4 Nxf4 19. Bxf4 Nd3 20. Qe3 Nxf4 21. Rxf4 Qg5 22. Rbf1 Rxf4 23. Qxf4 Rf8 24. Qxg5 hxg5 25. Rxf8+ Kxf8 26. Ne4 Bxd4+ 27. Kf1 Be6 28. Nxg5 Bxc4+ 29. Ke1 Bc3+ 30. Kd1 Bxa2 31. Bxb7 Bb3+ 32. Kc1 Be5 33. Nf3 Bf4+ 34. Kb2 Bd1 35. h3 Be2 36. Bc6 Kg7 37. Kc3 Kf6 38. Kb4 Be3 39. Kc3 Kf5 40. Nh4+ Kg5 41. Ng2 Bf2 42. Kb4 Kf5 43. Ka5 Bf1 44. Ka6 Ke5 45. Bf3 d5 46. Kb7 Bxb5 47. Kxc7 a5 48. h4 Bd3 49. Kc6 d4 50. Kc5 Bc2 51. Kc4 a4 52. h5 a3 0-1

[Event "SVK-chT2B 1617"]
[Site "Slovakia"]
[Date "2017.02.12"]
[Round "9.7"]
[White "Jakab, Bela"]
[Black "Valovic, Stefan"]
[Result "1-0"]
[WhiteElo "2093"]
[BlackElo "1963"]
[PlyCount "65"]
[EventDate "2016.10.08"]
[EventType "team-tourn"]
[EventRounds "11"]
[EventCountry "SVK"]
[SourceTitle "EXT 2018"]
[Source "ChessBase"]
[SourceDate "2017.10.13"]
[SourceVersion "1"]
[SourceVersionDate "2017.10.13"]
[SourceQuality "1"]
[WhiteTeam "Komarno"]
[BlackTeam "Tlmace"]
[WhiteTeamCountry "SVK"]
[BlackTeamCountry "SVK"]

1. e4 c5 2. Nf3 g6 3. c3 Bg7 4. Bc4 Nc6 5. 0-0 Na5 6. Bb5 a6 7. Ba4 b5 8. Bc2 Bb7 9. d4 cxd4 10. Nxd4 Nf6 11. Re1 0-0 12. Bg5 Re8 13. Nd2 Rc8 14. a4 Rc5 15. Be3 Rh5 16. axb5 axb5 17. Ne2 Nc4 18. Bd4 Nxd2 19. Qxd2 Bh6 20. Be3 Bxe3 21. Qxe3 Rxh2 22. Nf4 Ng4 23. Qg3 e5 24. Nh3 f5 25. Bd1 Bxe4 26. Rxe4 fxe4 27. Bxg4 Rxh3 28. Qxh3 Re7 29. Qh4 Qf8 30. Ra7 Qg7 31. Ra8+ Kf7 32. Rd8 h5 33. Qxe7+ 1-0

[Event "SVK-chT2B 1516"]
[Site "Slovakia"]
[Date "2016.03.12"]
[Round "10.6"]
[White "Regec, Stanislav"]
[Black "Valovic, Stefan"]
[Result "0-1"]
[WhiteElo "2082"]
[BlackElo "1968"]
[PlyCount "64"]
[EventDate "2015.10.17"]
[EventType "team-tourn"]
[EventRounds "11"]
[EventCountry "SVK"]
[SourceTitle "EXT 2019"]
[Source "ChessBase"]
[SourceDate "2018.10.10"]
[SourceVersion "1"]
[SourceVersionDate "2018.10.10"]
[SourceQuality "1"]
[WhiteTeam "Batorove Kosihy"]
[BlackTeam "Tlmace NSK"]
[WhiteTeamCountry "SVK"]
[BlackTeamCountry "SVK"]

1. c4 g6 2. d4 Bg7 3. e4 c5 4. Nf3 cxd4 5. Nxd4 Nc6 6. Be3 Nh6 7. Nc3 0-0 8. Be2 d6 9. 0-0 f5 10. Nxc6 bxc6 11. Qd2 Nf7 12. f4 Qa5 13. Bf3 Be6 14. exf5 Bxc4 15. fxg6 hxg6 16. Rfe1 Rac8 17. a3 Rc7 18. Qc2 Nh8 19. Rad1 Bf7 20. Bd4 Rb8 21. Qf2 Bxd4 22. Rxd4 d5 23. Rd2 Qb6 24. Na4 Qxf2+ 25. Kxf2 Be8 26. Nc5 Rb6 27. Rde2 Rb5 28. Nd3 Kf8 29. Rc1 Nf7 30. Rec2 Nd8 31. Be2 Rb6 32. Bg4 e6 0-1

[Event "SVK-chT2B 1415"]
[Site "Slovakia"]
[Date "2015.02.15"]
[Round "9.6"]
[White "Valovic, Stefan"]
[Black "Barczi, Viktor"]
[Result "1-0"]
[WhiteElo "1948"]
[BlackElo "1941"]
[PlyCount "47"]
[EventDate "2014.10.11"]
[EventType "team-tourn"]
[EventRounds "11"]
[EventCountry "SVK"]
[SourceTitle "EXT 2019"]
[Source "ChessBase"]
[SourceDate "2018.10.10"]
[SourceVersion "1"]
[SourceVersionDate "2018.10.10"]
[SourceQuality "1"]
[WhiteTeam "Nitra NSK II"]
[BlackTeam "Batorove Kosihy"]
[WhiteTeamCountry "SVK"]
[BlackTeamCountry "SVK"]

1. d4 d5 2. Bf4 Nf6 3. e3 g6 4. Nf3 Bg7 5. h3 0-0 6. c4 dxc4 7. Bxc4 c5 8. Nc3 cxd4 9. exd4 a6 10. 0-0 b5 11. Bb3 b4 12. Ne2 a5 13. Ne5 Ba6 14. Re1 Nd5 15. Bh2 Nb6 16. Rc1 a4 17. Nxf7 Rxf7 18. Bxf7+ Kxf7 19. Bc7 Qd5 20. Bxb6 Qxa2 21. Rc7 Qd5 22. Nf4 Qd6 23. Qf3 Nd7 24. Re6 1-0

[Event "SVK-chT2B 1415"]
[Site "Slovakia"]
[Date "2014.11.08"]
[Round "3.2"]
[White "Valovic, Stefan"]
[Black "Capak, Stefan"]
[Result "0-1"]
[WhiteElo "1948"]
[BlackElo "2063"]
[PlyCount "112"]
[EventDate "2014.10.11"]
[EventType "team-tourn"]
[EventRounds "11"]
[EventCountry "SVK"]
[SourceTitle "EXT 2019"]
[Source "ChessBase"]
[SourceDate "2018.10.10"]
[SourceVersion "1"]
[SourceVersionDate "2018.10.10"]
[SourceQuality "1"]
[WhiteTeam "Nitra NSK II"]
[BlackTeam "Povazska Bystrica SKS II"]
[WhiteTeamCountry "SVK"]
[BlackTeamCountry "SVK"]

1. d4 d5 2. Nf3 Nf6 3. e3 e6 4. Bd3 c5 5. c3 Nc6 6. Nbd2 Bd6 7. 0-0 0-0 8. Qe2 e5 9. dxe5 Bxe5 10. e4 Re8 11. Nxe5 Nxe5 12. Bb5 Bd7 13. f4 Nc6 14. e5 Ng4 15. Nf3 Qb6 16. Bxc6 Qxc6 17. h3 Nf6 18. Re1 b5 19. Qc2 Ne4 20. b3 c4 21. Nd4 cxb3 22. Nxc6 bxc2 23. Nb4 Nxc3 24. Nxc2 Bf5 25. Nd4 Be4 26. Bd2 b4 27. Bxc3 bxc3 28. Nb5 c2 29. Nd6 Red8 30. Rac1 Rxd6 31. exd6 Rd8 32. Rxe4 dxe4 33. Rxc2 f5 34. Rc7 Rxd6 35. Rxa7 Rd2 36. a4 Kf8 37. g4 fxg4 38. hxg4 e3 39. Kf1 Rf2+ 40. Ke1 Rxf4 41. Ke2 Rxg4 42. Kxe3 h5 43. Ra8+ Ke7 44. a5 Ra4 45. a6 Kf6 46. a7 Kg5 47. Kf3 Ra3+ 48. Ke4 h4 49. Kd5 Kg4 50. Kc6 h3 51. Kb6 h2 52. Rh8 Kg3 53. Rh5 g6 54. Rh8 Kg2 55. Kb7 h1Q 56. a8Q Rxa8 0-1

[Event "SVK-chT1W 1314"]
[Site "Slovakia"]
[Date "2013.11.17"]
[Round "4.6"]
[White "Mydlarik, Martin"]
[Black "Valovic, Stefan"]
[Result "1-0"]
[WhiteElo "2112"]
[BlackElo "1987"]
[PlyCount "91"]
[EventDate "2013.10.12"]
[EventType "team-tourn"]
[EventRounds "11"]
[EventCountry "SVK"]
[SourceTitle "EXT 2015"]
[Source "ChessBase"]
[SourceDate "2014.11.20"]
[SourceVersion "1"]
[SourceVersionDate "2014.11.20"]
[SourceQuality "1"]
[WhiteTeam "Modra"]
[BlackTeam "Nitra"]
[WhiteTeamCountry "SVK"]
[BlackTeamCountry "SVK"]

1. d4 d5 2. c4 c6 3. Nf3 e6 4. e3 f5 5. Ne5 Nf6 6. Nd2 Be7 7. Bd3 0-0 8. 0-0 Nbd7 9. Ndf3 Qe8 10. Rb1 Ne4 11. Nxd7 Bxd7 12. Ne5 Rd8 13. f3 Nf6 14. c5 Qh5 15. b4 a6 16. a4 g5 17. b5 axb5 18. axb5 cxb5 19. Bxb5 Qe8 20. Qa4 Bxb5 21. Qxb5 Rb8 22. Qxe8 Rfxe8 23. Bd2 Bd8 24. c6 b6 25. Rfc1 Bc7 26. Nd7 Kf7 27. Nxb8 Rxb8 28. Ra1 Ne8 29. Ra7 Kf6 30. Rca1 Bd6 31. Ra8 Rxa8 32. Rxa8 Nc7 33. Rb8 b5 34. Ba5 Ke7 35. Rb7 Kd8 36. h3 Kc8 37. Bxc7 Bxc7 38. Rxb5 h5 39. Kf2 Kd8 40. Rb7 h4 41. Ke2 Kc8 42. Kd3 Kd8 43. e4 fxe4+ 44. fxe4 dxe4+ 45. Kxe4 Kc8 46. Rxc7+ 1-0

[Event "SVK-chT1W 1314"]
[Site "Slovakia"]
[Date "2013.11.16"]
[Round "3.6"]
[White "Valovic, Stefan"]
[Black "Oprea, Erik"]
[Result "0-1"]
[WhiteElo "1987"]
[BlackElo "2130"]
[PlyCount "116"]
[EventDate "2013.10.12"]
[EventType "team-tourn"]
[EventRounds "11"]
[EventCountry "SVK"]
[SourceTitle "EXT 2015"]
[Source "ChessBase"]
[SourceDate "2014.11.20"]
[SourceVersion "1"]
[SourceVersionDate "2014.11.20"]
[SourceQuality "1"]
[WhiteTeam "Nitra"]
[BlackTeam "Devinska Nova Ves"]
[WhiteTeamCountry "SVK"]
[BlackTeamCountry "SVK"]

1. d4 d6 2. Nf3 c6 3. e3 Qc7 4. Bd3 Nf6 5. Nbd2 e5 6. 0-0 Be7 7. b3 Bg4 8. Bb2 Nbd7 9. c4 Bh5 10. Bf5 0-0 11. Qc2 Rae8 12. Rfe1 Bd8 13. Ng5 Bg6 14. Bxg6 fxg6 15. dxe5 Nxe5 16. Ngf3 Nxf3+ 17. Nxf3 Ne4 18. Rad1 g5 19. Re2 g4 20. Nd2 Ng5 21. Nf1 Qd7 22. Qd3 Bc7 23. Ng3 Qf7 24. e4 Ne6 25. Red2 Nf4 26. Qc3 Qg6 27. Rf1 h5 28. Qd4 Ne6 29. Qxa7 Nc5 30. b4 Ra8 31. Qxa8 Rxa8 32. bxc5 dxc5 33. Nf5 Qe6 34. Nxg7 Qxe4 35. Nxh5 Bxh2+ 36. Kxh2 Qh7 37. Ba1 Qxh5+ 38. Kg1 Re8 39. Rd7 Qf5 40. Rxb7 Re2 41. Rg7+ Kf8 42. f3 g3 43. Rxg3 Qf4 44. Rg4 Qe3+ 45. Kh2 Rxa2 46. Bg7+ Kf7 47. Kh3 Qe6 48. Rb1 Qc8 49. Re1 Ra7 50. Ree4 Re7 51. Ref4+ Ke6 52. Kg3 Qc7 53. Rg6+ Kd7 54. Bf8 Rh7 55. Bxc5 Qe5 56. Bf8 Qe1+ 57. Kg4 Qh4+ 58. Kf5 Rf7+ 0-1

[Event "SVK-chT2B 1213"]
[Site "Slovakia"]
[Date "2012.10.14"]
[Round "2.7"]
[White "Zakovic, Jozef"]
[Black "Valovic, Stefan"]
[Result "0-1"]
[WhiteElo "1818"]
[BlackElo "1972"]
[PlyCount "72"]
[EventDate "2012.10.13"]
[EventType "team-tourn"]
[EventRounds "11"]
[EventCountry "SVK"]
[SourceTitle "EXT 2015"]
[Source "ChessBase"]
[SourceDate "2014.11.20"]
[SourceVersion "1"]
[SourceVersionDate "2014.11.20"]
[SourceQuality "1"]
[WhiteTeam "Bojnice"]
[BlackTeam "Nitra II"]
[WhiteTeamCountry "SVK"]
[BlackTeamCountry "SVK"]

1. e4 d5 2. exd5 Qxd5 3. Nc3 Qd6 4. d4 a6 5. Nf3 Nf6 6. Be2 Nbd7 7. 0-0 e6 8. h3 b5 9. a3 Bb7 10. Be3 h5 11. Qd2 c5 12. dxc5 Qxd2 13. Nxd2 Bxc5 14. Bxc5 Nxc5 15. Bf3 Bxf3 16. Nxf3 Rc8 17. Rfd1 Ke7 18. Rd4 Rhd8 19. Rad1 Rxd4 20. Rxd4 Nfd7 21. Kf1 Nb6 22. Ne1 Nc4 23. b4 Nd7 24. Nb1 e5 25. Rd3 Ndb6 26. Ke2 Ke6 27. f3 Nd5 28. Rb3 Nf4+ 29. Kf2 f5 30. h4 e4 31. fxe4 fxe4 32. Rg3 Rc7 33. Rg5 Rf7 34. Kg1 Ne2+ 35. Kh2 Rf1 36. Rxg7 Rxe1 0-1

[Event "SVK-chT2B 10/11"]
[Site "Slovakia"]
[Date "2011.03.05"]
[Round "8.1"]
[White "Rac, Vlastimil"]
[Black "Valovic, Stefan"]
[Result "1/2-1/2"]
[WhiteElo "1993"]
[BlackElo "2003"]
[PlyCount "35"]
[EventDate "2010.10.23"]
[EventType "team-tourn"]
[EventRounds "11"]
[EventCountry "SVK"]
[SourceTitle "EXT 2019"]
[Source "ChessBase"]
[SourceDate "2018.10.10"]
[SourceVersion "1"]
[SourceVersionDate "2018.10.10"]
[SourceQuality "1"]
[WhiteTeam "Partizanske SK Neomax"]
[BlackTeam "Topolcianky SK"]
[WhiteTeamCountry "SVK"]
[BlackTeamCountry "SVK"]

1. d4 d5 2. c4 c6 3. Nf3 e6 4. e3 Nf6 5. Nc3 Bb4 6. Bd2 0-0 7. Be2 Nbd7 8. 0-0 Qe7 9. Re1 e5 10. dxe5 Nxe5 11. cxd5 cxd5 12. Nxe5 Qxe5 13. Bf3 Bd6 14. g3 Bd7 15. Ne2 Ng4 16. Nf4 Qxb2 17. Bxd5 Bxf4 18. exf4 1/2-1/2

[Event "SVK-chT2B 0910"]
[Site "Slovakia"]
[Date "2010.02.06"]
[Round "8"]
[White "Kvassay, Peter"]
[Black "Valovic, Stefan"]
[Result "1/2-1/2"]
[WhiteElo "2041"]
[BlackElo "1975"]
[PlyCount "68"]
[EventDate "2009.10.10"]
[EventType "team"]
[EventRounds "11"]
[EventCountry "SVK"]
[SourceTitle "EXT 2011"]
[Source "ChessBase"]
[SourceDate "2010.11.26"]
[SourceVersion "1"]
[SourceVersionDate "2010.11.26"]
[SourceQuality "1"]
[WhiteTeam "Bystrica SKS"]
[BlackTeam "Topolcianky"]
[WhiteTeamCountry "SVK"]
[BlackTeamCountry "SVK"]

1. d4 d5 2. Nf3 Nf6 3. c4 c6 4. e3 a6 5. Nc3 b5 6. b3 Bg4 7. Be2 Bxf3 8. Bxf3 e6 9. 0-0 Nbd7 10. Qc2 Bb4 11. Bb2 0-0 12. Ne2 Rc8 13. Rac1 Qe7 14. Ng3 Bd6 15. cxd5 cxd5 16. Qxc8 Rxc8 17. Rxc8+ Nf8 18. Rfc1 Ba3 19. R1c7 Qd6 20. Bxa3 Qxa3 21. Rd8 h6 22. Rcc8 N6h7 23. Rc2 g6 24. e4 Qa5 25. Ra8 dxe4 26. Be2 Kg7 27. Ra7 Nf6 28. Rcc7 N8d7 29. Nf1 Qb6 30. Rxd7 Nxd7 31. Rxd7 Qc6 32. Ra7 Qb6 33. Rd7 Qc6 34. Ra7 Qb6 1/2-1/2

[Event "SVK-chT2B 0910"]
[Site "Slovakia"]
[Date "2009.11.07"]
[Round "3"]
[White "Valovic, Stefan"]
[Black "Joba, Pavol"]
[Result "1-0"]
[WhiteElo "1975"]
[BlackElo "1993"]
[PlyCount "75"]
[EventDate "2009.10.10"]
[EventType "team"]
[EventRounds "11"]
[EventCountry "SVK"]
[SourceTitle "EXT 2011"]
[Source "ChessBase"]
[SourceDate "2010.11.26"]
[SourceVersion "1"]
[SourceVersionDate "2010.11.26"]
[SourceQuality "1"]
[WhiteTeam "Topolcianky"]
[BlackTeam "Kosihy Europress"]
[WhiteTeamCountry "SVK"]
[BlackTeamCountry "SVK"]

1. d4 d5 2. Nf3 Nf6 3. Bg5 e6 4. e3 Be7 5. Bd3 Nbd7 6. Nbd2 c5 7. c3 c4 8. Bc2 h6 9. Bh4 b5 10. 0-0 Bb7 11. Ne5 g5 12. Bg3 h5 13. h3 Ne4 14. Bxe4 dxe4 15. Qc2 f5 16. a4 a6 17. axb5 axb5 18. Rxa8 Qxa8 19. b3 cxb3 20. Qxb3 Qa6 21. Rb1 b4 22. c4 Nxe5 23. Bxe5 0-0 24. c5 f4 25. Qc4 fxe3 26. fxe3 Qc6 27. Rxb4 Ba6 28. Qb3 Bd8 29. Bd6 Rf6 30. Rb8 Bc8 31. Qb1 g4 32. hxg4 hxg4 33. Qxe4 Qd7 34. Qxg4+ Kh7 35. Nf3 Rg6 36. Qe4 Kh6 37. Ne5 Rxg2+ 38. Qxg2 1-0

[Event "SVK-chT2B 0708"]
[Site "Slovakia"]
[Date "2008.02.03"]
[Round "9.2"]
[White "Szegi, Viktor"]
[Black "Valovic, Stefan"]
[Result "1-0"]
[WhiteElo "2097"]
[BlackElo "1912"]
[PlyCount "43"]
[EventDate "2007.10.06"]
[EventType "team-tourn"]
[EventRounds "11"]
[EventCountry "SVK"]
[SourceTitle "EXT 2010"]
[Source "ChessBase"]
[SourceDate "2010.11.25"]
[SourceVersion "1"]
[SourceVersionDate "2010.11.25"]
[SourceQuality "1"]
[WhiteTeam "Batorove Kosihy"]
[BlackTeam "Topolcianky SK"]
[WhiteTeamCountry "SVK"]
[BlackTeamCountry "SVK"]

1. e4 c6 2. d4 d5 3. f3 dxe4 4. fxe4 e5 5. Nf3 exd4 6. Bc4 Be6 7. Bxe6 fxe6 8. 0-0 Be7 9. Nxd4 Qd6 10. Bf4 e5 11. Qh5+ Qg6 12. Qxg6+ hxg6 13. Bxe5 Bc5 14. Kh1 Nd7 15. Bxg7 Rh7 16. Ne6 Bd6 17. e5 Nxe5 18. Nc3 Ke7 19. Ne4 Nf7 20. Nxd6 Nxd6 21. Rae1 Nf5 22. Ng5+ 1-0